LEADER 00586nab a2200145 i 4500 001 000000307011 003 CaOOAMICUS 005 20180831172908.0 008 180831n xx uu u0 0mul r 013 $a15601 040 $aSeMil$bita 245 10$aIndice generale degli «Annali di studi religiosi» 1 (2000)-10 (2009). 650 4$aAnnali di studi religiosi - Indici - 2000-2009.$0(OLS)http://semarc/subject/47288 773 0 $t[vedi periodico].$gp.[315]-339$w()272068 996 $6245$aIndice generale degli «Annali di studi religiosi» 1 (2000)-10 (2009).$9(OLS)http://semarc/title/382412 LEADER 00567nam a2200169 i 4500 001 000000204959 003 CaOOAMICUS 005 20110810000000.0 008 110810s1860 it u000 u ita u 013 $a183692 040 $aSeMil$bita 245 10$aVol. 3. 300 $a491 p. 773 0 $aCaterina : da Siena, $tLettere di S. Caterina da Siena.$dFirenze : G. Barbčra, 1860.$g3$w()25273 850 $aSeMil 852 $aSeMil$W1$xVenegono$y1$m1I IV 10 FA$j155453$B155453$CSeMilBibl$Z2$F166623 $8I 996 $6245$aVol. 3$9(OLS)http://semarc/title/80712